Monsanto plc v Farris (VO) (Record no. 55304)

MARC details
000 -LEADER
fixed length control field 02000cab a2200337 4500
001 - CONTROL NUMBER
control field ABS59105
008 - FIXED-LENGTH DATA ELEMENTS--GENERAL INFORMATION
fixed length control field 090401t1998 xxu||||| |||| 00| 0 eng d
035 ## - SYSTEM CONTROL NUMBER
System control number (Sirsi) u87656
041 ## - LANGUAGE CODE
Language code of text/sound track or separate title eng
245 ## - TITLE STATEMENT
Title Monsanto plc v Farris (VO)
260 ## - PUBLICATION, DISTRIBUTION, ETC.
Date of publication, distribution, etc. 1998
350 ## - PRICE (NR) (BK AM CF MU VM SE) [OBSOLETE]
Price 0
490 ## - SERIES STATEMENT
Series statement Rating Appeals
Volume/sequential designation [1998] RA 107-216(56)
520 ## - SUMMARY, ETC.
Summary, etc. LT 28 April 1998. A chemical works and premises in Newport, Gwent was assessed by a valuation tribunal at £655,000 RV from 1 April 1990 and £640,000 RV from 30 September 1991. M sought reductions and F sought increases. The parties agreed the valuation should be on the contractors basis and applied the five stage method. They differed in opinion on whether the project would attract a grant, whether there should be adjustments for location or contract size and the approach to adjusting new costs for obsolescence. "Held" the assessment should be reduced to £589,000 from 30 June 1990 and £584,000 from 30 September 1991. The tenant`s alternative and interest foregone as a ceiling on rateable value should not be abandoned, the hypothetical tenant was to be treated as an owner/occupier for stages 1 to 3 inclusive, and a ceiling or maximum rental emerged at stage 4 which could be considered in stage 5 when circumstances peculiar to the hypothetical tenant of rating were to be dealt with.
650 ## - SUBJECT ADDED ENTRY--TOPICAL TERM
Topical term or geographic name entry element CARDIFF CC V WILLIAMS VO
650 ## - SUBJECT ADDED ENTRY--TOPICAL TERM
Topical term or geographic name entry element CONTRACTORS BASIS
650 ## - SUBJECT ADDED ENTRY--TOPICAL TERM
Topical term or geographic name entry element ESTIMATED REPLACEMENT COST
650 ## - SUBJECT ADDED ENTRY--TOPICAL TERM
Topical term or geographic name entry element FIVE STAGE METHOD
650 ## - SUBJECT ADDED ENTRY--TOPICAL TERM
Topical term or geographic name entry element GILMOUR(VO) V BAKER-CARR AND OTHERS
650 ## - SUBJECT ADDED ENTRY--TOPICAL TERM
Topical term or geographic name entry element GRANTS
650 ## - SUBJECT ADDED ENTRY--TOPICAL TERM
Topical term or geographic name entry element IMPERIAL CHEMICAL INDUSTRIES PLC V CENTRAL REGION ASSESSOR
650 ## - SUBJECT ADDED ENTRY--TOPICAL TERM
Topical term or geographic name entry element IMPERIAL COLLEGE OF SCIENCE AND TECHNOLOGY V EBDEN (VO)
650 ## - SUBJECT ADDED ENTRY--TOPICAL TERM
Topical term or geographic name entry element LOCATION FACTOR
650 ## - SUBJECT ADDED ENTRY--TOPICAL TERM
Topical term or geographic name entry element OBSOLESCENCE
650 ## - SUBJECT ADDED ENTRY--TOPICAL TERM
Topical term or geographic name entry element PLANT
650 ## - SUBJECT ADDED ENTRY--TOPICAL TERM
Topical term or geographic name entry element ROBINSON BROTHERS (BREWERS) LTD V HOUGHTON AND CHESTER LE STREET
650 ## - SUBJECT ADDED ENTRY--TOPICAL TERM
Topical term or geographic name entry element WILLACRE LTD V BOND VO
690 ## - LOCAL SUBJECT ADDED ENTRY--TOPICAL TERM (OCLC, RLIN)
Topical term or geographic name as entry element RATING AND VALUATION-CASE LAW
942 ## - ADDED ENTRY ELEMENTS (KOHA)
Suppress in OPAC 0
948 ## - LOCAL PROCESSING INFORMATION (OCLC); SERIES PART DESIGNATOR (RLIN)
c (OCLC) 24/07/1998
Holdings
Withdrawn status Lost status Source of classification or shelving scheme Damaged status Not for loan Home library Current library Shelving location Date acquired Total Checkouts Full call number Barcode Date last seen Copy number Price effective from Koha item type
    Dewey Decimal Classification     London London Journal article 14/09/1999   ABS59105 87656-1001 06/08/2019 1 06/08/2019 Law report